| 000 | 00906nam a22002177a 4500 | ||
|---|---|---|---|
| 003 | OSt | ||
| 005 | 20250911173349.0 | ||
| 008 | 240206b ||||| |||| 00| 0 eng d | ||
| 040 | _c0 | ||
| 082 | _aDPer 621.381 In821 April 2022 v. 37 n. 4 | ||
| 100 |
_aXu, Jingtao. _eauthor. _951511 |
||
| 245 |
_aCoupled inductor based bidirectional resonant converter with sine wave modulation in wide voltage range / _cJingtao Xu, Yao Sun, Guo Xu, and Mei Su. |
||
| 260 |
_aNew York ; _bThe Institute of Electrical and Electronics Engineers, Inc. , _cApril 2022. |
||
| 300 |
_aVolume 37, pages 3713-3718 : _billustration ; _c28 cm. |
||
| 500 | _aIEEE Transactions on Power Electronics, vol. 37, no. 4, pages 3713-3718, April 2022. | ||
| 700 |
_aXu, Jingtao. _eauthor. _951511 |
||
| 700 |
_aSun, Yao. _eauthor. _951512 |
||
| 700 |
_aXu, Guo. _eauthor. _951513 |
||
| 700 |
_aSu, Mei. _eauthor. _951514 |
||
| 942 |
_2ddc _cPER |
||
| 999 |
_c18935 _d18935 |
||